| 000 | 02272cam a22003255a 4500 | ||
|---|---|---|---|
| 005 | 20160801144415.0 | ||
| 008 | 160526s2013 enka frb 001 0 eng d | ||
| 020 | _a0415629837 | ||
| 020 | _a9780415629836 | ||
| 040 |
_aEG-ScBUE _beng _dEG-ScBUE |
||
| 043 | _afn----- | ||
| 082 | 0 | 4 |
_222 _a320.961 _bNOR |
| 245 | 0 | 0 |
_aNorth Africa's Arab Spring / _cedited by George Joffé. |
| 260 |
_aOxford ; _aNew York : _bRoutledge / Taylor & Francis Group, _c2013. |
||
| 300 |
_aviii, 219 p. : _bill. ; _c24 cm. |
||
| 500 | _aIndex : p. 213-219. | ||
| 504 | _aIncludes bibliographical references. | ||
| 505 | _aIntroduction / George Joffé -- The Arab Spring in North Africa : origins and prospects / George Joffé -- Brothers-in-arms? The Egyptian military, the Ikhwan and the revolutions of 1952 and 2011 / Anne Alexander -- Party proliferation and electoral transition in post-Mubarak Egypt / Daniel L. Tavana -- From spectacle to spectacular : how physical space, social media and mainstream broadcast amplified the public sphere in Egypt's 'revolution' / Mohamed Nanabhay and Roxane Farmanfarmaian -- Libya's revolution / Alia Brahimi -- A revolution for dignity and freedom : preliminary observations on the social and cultural background to the Tunisian revolution / Mehdi Mabrouk -- Challenges to legitimate governance in post-revolution Tunisia / Duncan Pickard -- Algeria : democracy denied, and revived? / John P. Entelis -- Constitutional reforms in Morocco : between consensus and subaltern politics / Driss Maghraoui -- North Africa's Arab Spring revisited / George Joffé. | ||
| 650 | 7 |
_2BUEsh _938992 _aArab Spring, 2010- |
|
| 650 | 7 |
_940595 _aProtest movements _zAfrica, North _xHistory _y21st century. _2BUEsh |
|
| 650 | 7 |
_928748 _aProtest movements _zArab countries _xHistory _y21st century. _2BUEsh |
|
| 650 | 7 |
_940594 _aRevolutions _zAfrica, North _xHistory _y21st century . _2BUEsh |
|
| 651 | 7 |
_aAfrica, North _xPolitics and government _y21st century. _2BUEsh _940593 |
|
| 651 | 7 |
_aAfrica, North _xHistory _y21st century. _940596 _2BUEsh |
|
| 651 | 7 |
_aArab countries _xPolitics and government _y21st century. _2BUEsh _928746 |
|
| 653 |
_bBUSBOL _cMay2016 |
||
| 653 |
_bLLAAWW _cAugust 2016 |
||
| 700 | 1 |
_aJoffe, E. G. H. _eeditor. _932339 |
|
| 942 |
_2ddc _e22 _k320.961 NOR |
||
| 999 |
_c21816 _d21788 |
||